ბათუმის შოთა რუსთაველის სახელმწიფო უნივერსიტეტის ბიბლიოთეკა

იაილების ცრემლები (ბიბ.ჩანაწერი № 48514)

000 -LEADER
fixed length control field 00803nam a2200217Ia 4500
001 - CONTROL NUMBER
control field 15411
003 - CONTROL NUMBER IDENTIFIER
control field GE_BSU
008 - FIXED-LENGTH DATA ELEMENTS--GENERAL INFORMATION
fixed length control field 181216s||||||||xx |||||||||||||| ||und||
040 ## - CATALOGING SOURCE
Transcribing agency GE_BSU
080 ## - UNIVERSAL DECIMAL CLASSIFICATION NUMBER
Universal Decimal Classification number 821.353.1-11
100 ## - MAIN ENTRY--PERSONAL NAME
Personal name ფირცხალაიშვილი,კალისტრატე
245 ## - TITLE STATEMENT
Title იაილების ცრემლები
245 ## - TITLE STATEMENT
Remainder of title პოემა აჭარისტანის ცხოვრებიდან
260 ## - PUBLICATION, DISTRIBUTION, ETC.
Place of publication, distribution, etc. ტფილისი
260 ## - PUBLICATION, DISTRIBUTION, ETC.
Name of publisher, distributor, etc. ტექნიკა და შრომა
260 ## - PUBLICATION, DISTRIBUTION, ETC.
Date of publication, distribution, etc. 1934
300 ## - PHYSICAL DESCRIPTION
Extent 29გვ.სურ.17სმ.
653 ## - INDEX TERM--UNCONTROLLED
Uncontrolled term იაილების ცრემლები
653 ## - INDEX TERM--UNCONTROLLED
Uncontrolled term პოემა აჭარისტანის ცხოვრებიდან
942 ## - ADDED ENTRY ELEMENTS (KOHA)
Koha item type წიგნი
ეგზემპლარები
Withdrawn status Lost status Damaged status Not for loan Date acquired Barcode Date last seen Price effective from Koha item type
        2018-12-17 37740 2018-12-17 2018-12-17 წიგნი
        2018-12-17 37741 2018-12-17 2018-12-17 წიგნი
        2018-12-17 37742 2018-12-17 2018-12-17 წიგნი
        2018-12-17 37743 2018-12-17 2018-12-17 წიგნი